000 00588nam a2200121Ia 4500
008 220620s9999||||xx |||||||||||||| ||und||
245 0 _aPlurilingualism and Multiliteracies
_bInternational Research on Identity Construction in Language Education
546 _aEnglish[eng]
650 _aLanguages||Education||Content and language integrated learning||Multilingualism
700 _aAbendroth-Timmer, Dagmar||Hennig, Eva-Maria
856 _uhttps://library.oapen.org/bitstream/20.500.12657/31572/1/626988.pdf||https://library.oapen.org/bitstream/20.500.12657/31572/1/626988.pdf
942 _cEB
999 _c25900
_d25900